000 00428nam a22001577a 4500
005 20251108171117.0
008 250721s1980 xx 000 0 ara d
082 1 4 _a301.423/زيد
100 1 _aعبد الباقي، زيدان
245 1 0 _aالأسرة و الطفولة /
264 1 _aالقاهرة :
_bدار الشباب،
_c1980.
300 _a416ص
650 1 7 _aالاسرة
942 _2ddc
_cBK
999 _c56851
_d56851